| 000 | ncm a22 a 4500 | ||
|---|---|---|---|
| 999 |
_c350143 _d350143 |
||
| 003 | BLK | ||
| 005 | 20200612110306.0 | ||
| 008 | 200331b bu |||||r|||| 00| 0 bu d | ||
| 040 | _aBLK | ||
| 041 |
_aBUL _cBUL |
||
| 080 |
_aТрио за духови инструменти _b785.73:788 _z785.73:788 |
||
| 139 |
_aДухови триа от български композитори _bД 92 |
||
| 245 |
_aДухови триа от български композитори _cсъстав. Костадин Чилев _nЧ. 2 |
||
| 260 |
_aСофия _c1987 _bМузика |
||
| 300 |
_a44 с. _c33 см |
||
| 380 | _a7 | ||
| 505 |
_rМарин Големинов _tТриптих за флейта, обой и фагот |
||
| 505 |
_rСтефан Илиев _tТрио за флейта, обой и фагот |
||
| 505 |
_rВячеслав Кушев _tТрио за флейта, кларинет и фагот |
||
| 650 | 0 |
_9362982 _aТрио - духово |
|
| 700 |
_9363240 _aЧилев, Костадин _eсъстав. и ред. |
||
| 852 |
_aЦб М ІІ 9959 _bЦб |
||
| 942 |
_cNOT _n0 _s1 |
||
| 944 |
_aCR _c2020-06-12 _kНР _l2020-06-12 |
||